000 00571nam a2200157 a 4500
008 120416s1991 ||||||||||||||||| || u
050 _aHD 6054.3 Hun
100 _aHunsaker, Johanna
245 1 0 _aStrategies and skills for managerial women
260 _aCincinnati, Ohio
_bSouth Western Publishing
_c1991
300 _axii, 303p. : ill.
350 _a0.00
650 _aLABOUR
650 _aWOMEN--EXECUTIVES
995 _D0.00
_FCBU-MAIN LIBRARY (Kitwe)
_H1
_I9.95
_M1
_UAVAILABLE
_ZAnnex Low-Usage Collection
999 _c58564
_d58564